000 01210nam a2200313 a 4500
001 ebr10670976
003 CaPaEBR
006 m u
007 cr cn|||||||||
008 091217s2010 nyuad sb 001 0 eng d
010 _z 2009051580
020 _z9781606921906 (softcover)
020 _z9781613246078 (e-book)
040 _aCaPaEBR
_cCaPaEBR
035 _a(OCoLC)742350533
050 1 4 _aHG3881
_b.F5186 2010eb
082 0 4 _a332/.042
_222
245 0 0 _aFinancial globalization
_h[electronic resource] /
_cJason H. Cardwell, editor.
260 _aHauppauge, N.Y. :
_bNova Science Publishers,
_cc2010.
300 _aviii, 75 p. :
_bill.
504 _aIncludes bibliographical references and index.
533 _aElectronic reproduction.
_bPalo Alto, Calif. :
_cebrary,
_d2013.
_nAvailable via World Wide Web.
_nAccess may be limited to ebrary affiliated libraries.
650 0 _aInternational finance.
650 0 _aGlobalization
_xEconomic aspects.
655 7 _aElectronic books.
_2local
700 1 _aCardwell, Jason H.
710 2 _aebrary, Inc.
856 4 0 _uhttp://site.ebrary.com/lib/rucke/Doc?id=10670976
_zAn electronic book accessible through the World Wide Web; click to view
999 _c161949
_d161949